| 000 | 00594nam a2200205Ia 4500 | ||
|---|---|---|---|
| 005 | 20250508150645.0 | ||
| 008 | 008 250505s9999 xx 000 0 eng d | ||
| 037 | _aTextual | ||
| 040 |
_aFEDL _beng _cFEDL |
||
| 041 |
_aeng _2eng |
||
| 084 |
_a420.7, SMI _qFEDL |
||
| 100 |
_aSmith Arnold _9757297 |
||
| 245 | 0 | _aArt and practice of english : A course for schools | |
| 260 |
_aLondon, UK _bMethuen and Co. Ltd _c1922 |
||
| 300 | _ax.170p | ||
| 365 |
_aINR _b3.4 |
||
| 650 |
_aEnglish Language - Teaching _9757298 |
||
| 942 |
_cTEXL _h420.7, SMI |
||
| 999 |
_c1324861 _d1324861 |
||